MIN : (Record no. 14065)

000 -LEADER
fixed length control field 00848cam a22002297i 4500
003 - CONTROL NUMBER IDENTIFIER
control field OSt
005 - DATE AND TIME OF LATEST TRANSACTION
control field 20260327152708.0
008 - FIXED-LENGTH DATA ELEMENTS--GENERAL INFORMATION
fixed length control field 150514s2016 nyua b 000 0 eng
020 ## - INTERNATIONAL STANDARD BOOK NUMBER
International Standard Book Number 9780500292198
Qualifying information (paperback)
035 ## - SYSTEM CONTROL NUMBER
System control number 18616911
040 ## - CATALOGING SOURCE
Original cataloging agency DLC
Language of cataloging eng
Description conventions rda
Transcribing agency DLC
Modifying agency DLC
050 00 - LIBRARY OF CONGRESS CALL NUMBER
Classification number MLCM 2022/45962 (N)
100 1# - MAIN ENTRY--PERSONAL NAME
Personal name Tolley, Stuart,
Relator term author,
-- photographer.
245 10 - TITLE STATEMENT
Title MIN :
Remainder of title the new simplicity in graphic design /
Statement of responsibility, etc Stuart Tolley ; still life photography by Stuart Tolley ; [interviews by Matthew Lee ; essays by Stuart Tolley and Simon Kirkham].
246 30 - VARYING FORM OF TITLE
Title proper/short title New simplicity in graphic design
300 ## - PHYSICAL DESCRIPTION
Extent 288 pages :
Other physical details illustrations (some color) ;
Dimensions 25 cm
500 ## - GENERAL NOTE
General note Minimal Level Cataloging Plus.
Institution to which field applies DLC
504 ## - BIBLIOGRAPHY, ETC. NOTE
Bibliography, etc Includes bibliographical references.
650 #0 - SUBJECT ADDED ENTRY--TOPICAL TERM
Topical term or geographic name as entry element Minimal design.
650 #0 - SUBJECT ADDED ENTRY--TOPICAL TERM
Topical term or geographic name as entry element Graphic arts.
942 ## - ADDED ENTRY ELEMENTS (KOHA)
Source of classification or shelving scheme
Holdings
Withdrawn status Lost status Source of classification or shelving scheme Damaged status Koha normalized classification for sorting Not for loan Permanent location Current location Shelving location Date acquired Full call number Barcode Date last seen Price effective from Koha item type
        741_600000000000000   BMS College of Architecture, Design and Planning BMS College of Architecture, Design and Planning General Stacks 2025-12-03 741.6 AR-UG4983 2026-02-10 2026-02-10 B.Design
Copyright © 2025, The Librarian, Library and Information Centre, BMSCA D&P, Bengaluru. All Rights Reserved
web counter

Powered by Koha